000 00627nam a22001937a 4500
005 20180718113340.0
010 _aB-214736
020 _a9780143032623
_c325.00
035 _aB-214736
037 _bPenguin Books
082 _aN
100 _aChatterjee, Rimi B.
245 _aSingle red
_cRimi B. Chatterjee
260 _aNew Delhi
_bPenguin Books
_c2005
270 _a11 Community Centre, Panchsheel Park, New Delhi-110017
_bNew Delhi
_e110017
300 _a281p.
_c20cm(pbk)
942 _2ddc
_cEN
_hN
_mCHA
999 _c154245
_d154245